000 00293nam a22001337a 4500
008 170529b xxu||||| |||| 00| 0 eng d
020 _a9788120327573
041 _aeng
080 _24 ED
_a62
100 _a27
101 _aIM
245 _aSIGNALS SYSTEMS
_cZIEMER.R.E
942 _2udc
_cBK
999 _c14790
_d14790